MDQL
is popping MORE tags! Check the
thread
!
Quizzes
Events
Quiz Creation
Community
Videos
Private Events
Remove Ads
Sign In
Join for FREE
Feedback
Dark Mode
Quiz Categories
Sports
Geography
Music
Movies
Television
Just For Fun
Miscellaneous
History
Literature
Language
Science
Gaming
Entertainment
Religion
Holiday
For Kids
Quiz Lab
Recent
Popular Today
Quiz Kudos Today
Editor Picks
Curator Picks
Quizzes by...
Day
Popularity
Type
Ratings
Length
Year
Community
Subscriptions
Recent Discussions
Orange Saloon
Badges
Playlists
Quests
Create
Leaderboards
Showdown
Live 5
Trivia Bingo
Activity
Puzzle Library
Sporcle Events
Private Events
Virtual Trivia
Globe League
Become a Host
Pub Owners
SporcleCon
Opinionation
Our Games
Videos
Blog
Mobile Apps
Partnerships
Remove Ads and Go Orange
Feedback
Miscellaneous
Crossword
General Knowledge
Baby Names
Logo
Food
Cars
Numbers
Grab Bag
University
College
Popular
Company
Slogans
Restaurants
Justice
Letter
Miscellaneous
Crossword
General Knowledge
Baby Names
Logo
Food
Cars
Numbers
Grab Bag
University
College
Popular
Company
Slogans
Restaurants
Justice
Letter
Random Quiz
Search Sporcle
×
Quiz Lab
Quiz Lab
Miscellaneous
Frequently
Type in answers that appear in a list
Type in answers that appear in a list
Classic
Best Score? Go Orange.
Most Commonly Purchased Produce Stats
Can you name the fruits and vegetables people purchase the most frequently?
By
lbuller
5m
30 Questions
2,582 Plays
2,582 Plays
2,582 Plays
Comments
Comments
Give Quiz Kudos
Give Quiz Kudos
-
- Ratings
hide this ad
Replay
Link that replays current quiz
Next Quiz
Link to next quiz in quiz playlist
You Got
0%
They Got
Avg Score
62%
Avg Friend Score
Upgrade to see
Score Distribution
Jump to the score distribution portion of the page
Score
0/30
Timer
05:00
0
Plays Today
Fruit/Vegetable
Name of Produce
% Correct
Fruit
Apples
96.8%
Vegetable/
Fruit
Tomatoes
91.6%
Fruit
Bananas
90.9%
Fruit
Oranges
89.3%
Vegetable
Lettuce
86.3%
Vegetable
Carrots
84.9%
Fruit
Berries
83.7%
Vegetable
Potatoes
83.2%
Fruit
Grapes
80.1%
Vegetable
Onions
74.9%
Fruit
Pears
71.8%
Fruit
Peaches
67%
Vegetable
Cucumbers
63.2%
Vegetable
Broccoli
63%
Fruit
Melon
62.2%
Fruit/Vegetable
Name of Produce
% Correct
Fruit
Lemons/Limes
60%
Vegetable
Peppers
58.6%
Vegetable/
Fruit
Corn
53.3%
Vegetable
Celery
53.3%
Fruit
Plums
52.7%
Fruit
Cherries
49.8%
Fruit
Kiwis
48.6%
Vegetable
Spinach
47.9%
Vegetable
Cauliflower
45.5%
Vegetable
Squash
44.2%
Fruit
Grapefruit
41%
Vegetable
Asparagus
35.9%
Fruit
Nectarines
35.6%
Fruit
Avocados
35.4%
Vegetable
Mushrooms
33.1%
Quiz Playlist
Details
Report
Send in Message
Add To Playlist
Classic:
Type in answers that appear in a list
Quiz Source
Last Updated: Aug 22, 2017
Quiz Scoreboard
CHALLENGE
Sign Up to Join the Scoreboard
Show All
Scores
Hide
Comments
May contain spoilers
Recently Published
1-10 Letter E Words III
by El_Dandy
Language
2m
Street Fighter Characters
by Artimus82
Gaming
60s
College Basketball Coaching Resumes
by pancakes188
Sports
9m
More to Explore
Quiz From the Vault
Featured Blog Post
Where Did the Easter Bunny Come From?
hide this ad
You Might Also Like...
Tags
common
Frequently
fruit
produce
purchase
Purchased
Vegetable
Today's Top Quizzes in Miscellaneous
Browse Miscellaneous
hide this ad
Today's Top Quizzes in Frequently
Browse Frequently
Top Contributed Quizzes in Miscellaneous
1
5-to-1: Fast Food
2
The JOE quick-fire general knowledge quiz: Day 174
3
The JOE quick-fire general knowledge quiz: Day 173
4
5-to-1: Cocktails
5
The JOE quick-fire general knowledge quiz: Day 172
6
9x9 Crossword: Disney Movie Titles
7
9x9 Crossword: Charlie and the Chocolate Factory
8
Sunday Crossword: Famous Bodies of Water
9
9x9 Crossword: Flags
10
The JOE quick-fire general knowledge quiz: Day 171
Explore More
Trending Topics
Disney
NBA
Kpop
Anime
Harry Potter
Marvel
Crossword
Song
Soccer
Country
NFL
Pokémon
Puzzle
WWE
The Office
hide this ad
More By:
lbuller
Quiz
Plays
Rating
Category
Featured
Created
'O'-Less States
613,902
4.32
Geography
Oct 24, 2009
Medical Conditions
2,725
2.78
Miscellaneous
Nov 15, 2009
Most Commonly Purchased Produce
2,582
3.27
Miscellaneous
Nov 22, 2009
Go to Creator's Profile
Score Distribution
Quiz Creator Spotlight
lbuller
Follow
Send a Message
Quizzes Created
-
Created Quiz Play Count
-
More By This Creator
Popular Quizzes Today
1
Find the US States - No Outlines Minefield
2
Find the Countries of Europe - No Outlines Minefield
3
The Countries of the World
4
Find the US States
5
Risky Map Clicking: Biggest States A-Z
6
US States
7
Popular People in 1961
8
Movies - When Are They Set?
More Miscellaneous Quizzes
Sunday Crossword: Nun-Sense
Published
Trending Quizzes
Risky Map Clicking: Least Populous States A-Z
1-10 Letter G Words
1-10 Letter F Words
Countries of the World: 200 Million BC
Risky Map Clicking: Next State Alphabetically
Recently Updated
Most Oscar Losses (Acting)
pecheneg
Beyoncé Albums
pecheneg
Leaping Animals
pecheneg
Reality TV Shows (A-Z)
bhenderson79
Rickey Henderson's Hall of Fame Teammates
pecheneg
Champions League XIs: Arsenal
pecheneg
Quick Pick: Celebrities in WWE's Hall of Fame
aduchscher
A-Z Keypad Blitz II
pecheneg
Multiple Oscar Actors
pecheneg
Mystery Phrase Blitz: Oscar 'Best Actors'
pecheneg
Trending Topics
Harry Potter
Crossword
Disney
NBA
Marvel
Kpop
Anime
The Office
NFL
WWE
Pokémon
Country
Song
Puzzle
Soccer
Your Account Isn't Verified!
In order to create a playlist on Sporcle, you need to verify the email address you used during registration. Go to your
Sporcle Settings
to finish the process.
Report this User
Report this user for behavior that violates our
Community Guidelines
.
Details:
Send Report
Go to the Sporcle.com Mobile Site →
Comments